[Event "BAN-chT Premier"]
[Site "Dhaka"]
[Date "2021.03.29"]
[Round "11.1"]
[White "Md, Matiur Rahman"]
[Black "Rahman, Syed Mahfuzur"]
[Result "0-1"]
[WhiteElo "1979"]
[BlackElo "2158"]
[PlyCount "82"]
[EventDate "2021.03.19"]
[EventType "team-tourn"]
[EventRounds "11"]
[EventCountry "BAN"]
[SourceTitle "CBM 201 Extra"]
[Source "ChessBase"]
[SourceDate "2021.05.31"]
[SourceVersion "1"]
[SourceVersionDate "2021.05.31"]
[SourceQuality "1"]
[WhiteTeam "Sonali Bank Sports"]
[BlackTeam "Janata Bank Officer Welfare"]
[WhiteTeamCountry "BAN"]
[BlackTeamCountry "BAN"]

1. d4 d5 2. Bg5 c5 3. e3 Qb6 4. b3 Nc6 5. Nf3 Bg4 6. c3 Nf6 7. Bxf6 gxf6 8. Be2 e6 9. Nh4 Bxe2 10. Qxe2 cxd4 11. exd4 Nxd4 12. Qd3 Nc6 13. Nf3 Be7 14. Nbd2 Ne5 15. Nxe5 fxe5 16. 0-0 e4 17. Qe2 0-0-0 18. a4 Bg5 19. a5 Qa6 20. Qxa6 bxa6 21. f4 Bf6 22. Rac1 Kb8 23. Kf2 Rc8 24. c4 Bd4+ 25. Ke2 f5 26. Rfd1 Bf6 27. b4 Rhg8 28. g3 d4 29. c5 h5 30. Rg1 Rc7 31. Nb3 Rb7 32. Rc4 d3+ 33. Ke3 Rc7 34. c6 Kc8 35. h3 Rcg7 36. Kf2 Bh4 37. Nc5 Rxg3 38. Rxg3 Rxg3 39. Kf1 Rf3+ 40. Kg2 Rf2+ 41. Kg1 Rc2 0-1

[Event "BAN-chT Premier"]
[Site "Dhaka"]
[Date "2021.03.23"]
[Round "5.3"]
[White "Md, Matiur Rahman"]
[Black "Erigaisi, Arjun Kumar"]
[Result "0-1"]
[WhiteElo "1979"]
[BlackElo "2559"]
[PlyCount "104"]
[EventDate "2021.03.19"]
[EventType "team-tourn"]
[EventRounds "11"]
[EventCountry "BAN"]
[SourceTitle "CBM 201 Extra"]
[Source "ChessBase"]
[SourceDate "2021.05.31"]
[SourceVersion "1"]
[SourceVersionDate "2021.05.31"]
[SourceQuality "1"]
[WhiteTeam "Sonali Bank Sports"]
[BlackTeam "Titas CC"]
[WhiteTeamCountry "BAN"]
[BlackTeamCountry "BAN"]

1. Nf3 d5 2. d4 Nf6 3. c4 e6 4. Nc3 dxc4 5. e3 a6 6. a4 b6 7. Bxc4 Bb7 8. Qe2 Bb4 9. 0-0 Nbd7 10. Rd1 0-0 11. Bd2 Qe7 12. Rac1 h6 13. h3 Rfe8 14. Bd3 c5 15. Na2 Bxd2 16. Rxd2 cxd4 17. exd4 Nd5 18. Nc3 Nf4 19. Qe3 Nxd3 20. Qxd3 Rad8 21. Qe3 Qb4 22. Ne5 Nf6 23. Rcd1 Rc8 24. Qf4 Red8 25. Kh2 Qd6 26. Rd3 Rc7 27. Kg1 Kf8 28. f3 Kg8 29. g4 Nd5 30. Nxd5 Bxd5 31. Rc3 f6 32. Ng6 Rxc3 33. bxc3 Kh7 34. Qxd6 Rxd6 35. Nf4 Bxf3 36. Re1 Bd5 37. Kf2 Bb3 38. h4 Kg8 39. a5 bxa5 40. Nd3 Bc4 41. Nc5 Rb6 42. Ra1 Rb2+ 43. Kg3 Rc2 44. Ra3 Ra2 45. Rxa2 Bxa2 46. Kf4 g5+ 47. hxg5 hxg5+ 48. Ke3 Bc4 49. Ne4 a4 50. Kd2 a3 51. Kc1 Kg7 52. Nd2 Be2 0-1

[Event "Dhaka Walton op"]
[Site "Dhaka"]
[Date "2018.05.30"]
[Round "5"]
[White "Md, Matiur Rahman"]
[Black "Mohammad Fahad, Rahman"]
[Result "1/2-1/2"]
[WhiteElo "1975"]
[BlackElo "2296"]
[PlyCount "100"]
[EventDate "2018.05.26"]
[EventType "swiss"]
[EventRounds "9"]
[EventCountry "BAN"]
[SourceTitle "CBM 184 Extra"]
[Source "ChessBase"]
[SourceDate "2018.06.28"]
[SourceVersion "1"]
[SourceVersionDate "2018.06.28"]
[SourceQuality "1"]

1. e4 c5 2. Nf3 d6 3. d4 cxd4 4. Nxd4 Nf6 5. Nc3 a6 6. Bg5 e6 7. f4 Qc7 8. Qf3 b5 9. 0-0-0 Bb7 10. Bxf6 gxf6 11. Bd3 Nc6 12. Nxc6 Bxc6 13. f5 e5 14. Kb1 b4 15. Ne2 a5 16. Qg4 a4 17. h4 Qb7 18. Ng3 0-0-0 19. Bc4 Kb8 20. Bd5 Rc8 21. Qe2 h6 22. Nf1 Be7 23. Ne3 Bd8 24. Bxc6 Rxc6 25. Nd5 Ba5 26. Nxf6 Rhc8 27. Rc1 Bd8 28. Nd5 b3 29. cxb3 axb3 30. axb3 Qxb3 31. Rxc6 Rxc6 32. Rc1 Rxc1+ 33. Kxc1 Qa4 34. Kb1 Bxh4 35. Qc2 Qxc2+ 36. Kxc2 Kb7 37. Kc3 Bd8 38. Kc4 Kc6 39. b4 Bh4 40. b5+ Kb7 41. Nc3 Kb6 42. Nd5+ Kb7 43. Nb4 Kb6 44. Nc6 Bf6 45. Kd5 Kxb5 46. Kxd6 Kc4 47. Nxe5+ Kd4 48. Nxf7 Kxe4 49. Nxh6 Kf4 50. Ke6 Bg7 1/2-1/2

[Event "Dhaka IRT U2000"]
[Site "Dhaka"]
[Date "2018.02.19"]
[Round "6"]
[White "Md, Matiur Rahman"]
[Black "Khondakar, Nazre Mowla"]
[Result "1/2-1/2"]
[WhiteElo "1976"]
[BlackElo "1835"]
[PlyCount "103"]
[EventDate "2018.02.14"]
[EventType "swiss"]
[EventRounds "9"]
[EventCountry "BAN"]
[SourceTitle "EXT 2024"]
[Source "ChessBase"]
[SourceDate "2023.10.10"]
[SourceVersion "1"]
[SourceVersionDate "2023.10.10"]
[SourceQuality "1"]

1. d4 d5 2. c4 dxc4 3. Qa4+ Nc6 4. e3 e6 5. Nf3 Bb4+ 6. Bd2 Bxd2+ 7. Nbxd2 Bd7 8. Qxc4 Nf6 9. Bd3 Nd5 10. a3 0-0 11. 0-0 g6 12. g3 Rc8 13. Rac1 Qe7 14. Rfe1 Nb6 15. Qc2 e5 16. b4 a6 17. Qc5 exd4 18. exd4 Qxc5 19. dxc5 Nd5 20. Bc4 Nf6 21. Ne4 Nxe4 22. Rxe4 Rce8 23. Rxe8 Rxe8 24. Rc3 h6 25. Re3 Rxe3 26. fxe3 Kg7 27. Bd5 Nd8 28. Ne5 Be6 29. Be4 f5 30. Bf3 Kf6 31. Nd3 g5 32. Kf2 c6 33. Nb2 Nf7 34. Na4 Ne5 35. Be2 Nd7 36. Nc3 Ke5 37. Bd3 a5 38. Ne2 axb4 39. axb4 Nf6 40. h3 Nd5 41. b5 Nb4 42. Bb1 cxb5 43. h4 Nc6 44. Nc3 Bc4 45. Kf3 gxh4 46. gxh4 h5 47. Ne2 Bxe2+ 48. Kxe2 f4 49. Bg6 fxe3 50. Kxe3 Nd4 51. Bxh5 Nf5+ 52. Kd3 1/2-1/2

[Event "BAN-chT"]
[Site "Dhaka"]
[Date "2017.12.15"]
[Round "7.4"]
[White "Md, Matiur Rahman"]
[Black "Anata, Choudhury"]
[Result "0-1"]
[WhiteElo "1993"]
[BlackElo "1975"]
[PlyCount "54"]
[EventDate "2017.12.09"]
[EventType "team-tourn"]
[EventRounds "11"]
[EventCountry "BAN"]
[SourceTitle "CBM 182 Extra"]
[Source "ChessBase"]
[SourceDate "2018.02.23"]
[SourceVersion "1"]
[SourceVersionDate "2018.02.23"]
[SourceQuality "1"]
[WhiteTeam "Sonali Bank Sports"]
[BlackTeam "Golden Sporting"]
[WhiteTeamCountry "BAN"]
[BlackTeamCountry "BAN"]

1. d4 Nf6 2. c4 e6 3. Nf3 c5 4. d5 b5 5. e3 Bb7 6. dxe6 fxe6 7. Be2 bxc4 8. Bxc4 Be7 9. 0-0 0-0 10. Nbd2 d5 11. Be2 Bd6 12. b3 Qe7 13. Bb2 Nbd7 14. Re1 Rad8 15. Qc2 Ne4 16. Nf1 e5 17. Ng3 Nxg3 18. hxg3 e4 19. Nh2 Qg5 20. Rf1 Ne5 21. Rad1 h5 22. Qc3 Rf6 23. Rd2 Rdf8 24. Qa5 Rh6 25. Qxa7 Rf7 26. Qa5 Ng4 27. Qa3 Nxh2 0-1

[Event "BAN-chT"]
[Site "Dhaka"]
[Date "2017.12.10"]
[Round "2.4"]
[White "Abu, Hanif"]
[Black "Md, Matiur Rahman"]
[Result "0-1"]
[WhiteElo "1895"]
[BlackElo "1993"]
[PlyCount "88"]
[EventDate "2017.12.09"]
[EventType "team-tourn"]
[EventRounds "11"]
[EventCountry "BAN"]
[SourceTitle "CBM 182 Extra"]
[Source "ChessBase"]
[SourceDate "2018.02.23"]
[SourceVersion "1"]
[SourceVersionDate "2018.02.23"]
[SourceQuality "1"]
[WhiteTeam "Fire Service & Civil Defense"]
[BlackTeam "Sonali Bank Sports"]
[WhiteTeamCountry "BAN"]
[BlackTeamCountry "BAN"]

1. e4 e5 2. Nf3 Nc6 3. Bc4 Bc5 4. 0-0 Nf6 5. d3 0-0 6. c3 d6 7. a4 a6 8. b4 Bb6 9. Qb3 h6 10. Nh4 Nxe4 11. Ng6 Qf6 12. dxe4 Qxg6 13. Re1 Be6 14. Be3 Bxe3 15. Rxe3 Bxc4 16. Qxc4 Qe6 17. Qe2 f5 18. exf5 Rxf5 19. Nd2 Raf8 20. f3 Ne7 21. Re1 Qa2 22. Qc4+ Qxc4 23. Nxc4 Nd5 24. Rd3 Nf4 25. Rd2 b6 26. Ne3 R5f7 27. Nd5 Nxd5 28. Rxd5 Rf4 29. Re3 Kf7 30. g3 Rc4 31. Rd2 Ke6 32. Kf2 a5 33. bxa5 bxa5 34. f4 Rxa4 35. Kf3 g5 36. Ree2 d5 37. h3 e4+ 38. Kf2 Kd6 39. Rd4 Rxd4 40. cxd4 c5 41. dxc5+ Kxc5 42. Ra2 Ra8 43. h4 Kb4 44. Rd2 Rd8 0-1

[Event "BAN-chB 43rd"]
[Site "Dhaka"]
[Date "2017.11.11"]
[Round "5"]
[White "Abu Sufian, Sakil"]
[Black "Md, Matiur Rahman"]
[Result "1-0"]
[WhiteElo "2322"]
[BlackElo "1953"]
[PlyCount "71"]
[EventDate "2017.11.07"]
[EventType "swiss"]
[EventRounds "11"]
[EventCountry "BAN"]
[SourceTitle "CBM 181 Extra"]
[Source "ChessBase"]
[SourceDate "2017.12.12"]
[SourceVersion "1"]
[SourceVersionDate "2017.12.12"]
[SourceQuality "1"]

1. c4 e5 2. g3 Nf6 3. Bg2 c6 4. Nf3 d6 5. Nc3 Be7 6. 0-0 0-0 7. d3 Bg4 8. h3 Bh5 9. g4 Bg6 10. Nh4 Nfd7 11. Nxg6 hxg6 12. Rb1 Na6 13. b4 Qc8 14. b5 Nac5 15. Ba3 a6 16. bxc6 bxc6 17. Bxc5 Nxc5 18. Rb6 Qc7 19. Rxc6 Qa5 20. Nd5 Ra7 21. Qc2 Rd8 22. Rb1 f5 23. Rcb6 Bg5 24. gxf5 gxf5 25. Rb8 Ne6 26. Rxd8+ Bxd8 27. e3 Kh7 28. Nb4 Rf7 29. Nc6 Qc5 30. Rb8 Bc7 31. Re8 Rf6 32. Ne7 g6 33. Nd5 Kg7 34. Re7+ Kf8 35. Rxc7 Nxc7 36. Nxf6 1-0

[Event "Dhaka Powertec op-B"]
[Site "Dhaka"]
[Date "2017.07.23"]
[Round "9"]
[White "Md, Matiur Rahman"]
[Black "Md Shahidul, Islam"]
[Result "0-1"]
[WhiteElo "1940"]
[BlackElo "1856"]
[PlyCount "122"]
[EventDate "2017.07.15"]
[EventType "swiss"]
[EventRounds "9"]
[EventCountry "BAN"]
[SourceTitle "EXT 2018"]
[Source "ChessBase"]
[SourceDate "2017.10.13"]
[SourceVersion "1"]
[SourceVersionDate "2017.10.13"]
[SourceQuality "1"]

1. d4 Nf6 2. Nf3 e6 3. c4 d5 4. g3 c6 5. Bg2 dxc4 6. 0-0 Bd6 7. a4 0-0 8. Nc3 Nfd7 9. Nd2 Nb6 10. a5 Nd5 11. e4 Nxc3 12. bxc3 Bc7 13. Nxc4 h6 14. Qc2 a6 15. Ba3 Re8 16. Bc5 Nd7 17. Nd6 Rf8 18. Bb4 Bxd6 19. Bxd6 Re8 20. e5 Nf8 21. f4 f5 22. c4 Qd7 23. Rfd1 Qf7 24. Rab1 Rd8 25. Rb2 Kh8 26. Qb3 Ng6 27. d5 Ne7 28. Qb6 Rd7 29. dxc6 Nxc6 30. Rbd2 Kh7 31. Ba3 Rc7 32. Rd6 Nb8 33. c5 Nc6 34. R1d2 Qe7 35. Kf2 Na7 36. Bb4 Qf7 37. Bf3 Nb5 38. Rd8 Qe7 39. Be2 Rc6 40. Bxb5 Rxb6 41. Re8 Qf7 42. cxb6 axb5 43. Rf8 Qh5 44. h4 Qg4 45. Kg2 Qh5 46. Kf2 Qg4 47. Kg2 Bd7 48. Rxd7 Qe2+ 49. Kh3 Qf1+ 50. Kh2 Qf2+ 51. Kh1 Qf3+ 52. Kh2 Qf2+ 53. Kh1 Qf3+ 54. Kh2 Qf2+ 55. Kh1 Qf1+ 56. Kh2 Qf2+ 57. Kh1 Qf3+ 58. Kg1 Qxg3+ 59. Kf1 Qxf4+ 60. Kg2 Qe4+ 61. Kg3 Qg4+ 0-1

[Event "BAN Walton 1st League"]
[Site "Dhaka"]
[Date "2016.12.14"]
[Round "9.4"]
[White "Md, Matiur Rahman"]
[Black "Ahmed, Shafiq"]
[Result "0-1"]
[WhiteElo "1987"]
[BlackElo "2137"]
[PlyCount "147"]
[EventDate "2016.12.06"]
[EventType "team-tourn"]
[EventRounds "9"]
[EventCountry "BAN"]
[SourceTitle "CBM 176 Extra"]
[Source "ChessBase"]
[SourceDate "2017.03.02"]
[SourceVersion "1"]
[SourceVersionDate "2017.03.02"]
[SourceQuality "1"]
[WhiteTeam "Sonali Bank Sports"]
[BlackTeam "Titas CC"]
[WhiteTeamCountry "BAN"]
[BlackTeamCountry "BAN"]

1. d4 d5 2. c4 c6 3. Nc3 Nf6 4. e3 e6 5. Nf3 Bd6 6. Bd3 Nbd7 7. 0-0 h6 8. Re1 dxc4 9. Bxc4 0-0 10. e4 e5 11. d5 Nb6 12. Bb3 cxd5 13. exd5 Re8 14. h3 Bf5 15. Nb5 a6 16. Nc3 Rc8 17. Be3 Nc4 18. Qe2 Nxe3 19. Qxe3 Bc5 20. Qd2 Qd6 21. Rad1 Ba7 22. Bc2 Bxc2 23. Qxc2 e4 24. Nd4 Rc4 25. Nf5 Qe5 26. Ne3 Bxe3 27. fxe3 Nxd5 28. Qb3 Nxc3 29. Qxc4 Nxd1 30. Rxd1 Qg5 31. Qb3 b5 32. Rd7 Re6 33. Qc3 Rg6 34. Qd2 f5 35. Rd5 h5 36. Qf2 Rf6 37. Qd2 Kh7 38. b4 Qg3 39. Qf2 Qxf2+ 40. Kxf2 h4 41. g3 hxg3+ 42. Kxg3 g5 43. a3 Kg6 44. h4 gxh4+ 45. Kxh4 f4 46. Rg5+ Kf7 47. exf4 Rxf4+ 48. Kg3 Rf3+ 49. Kg4 Rf6 50. Rc5 e3 51. Rc7+ Ke8 52. Rc1 Rd6 53. Rc3 Re6 54. Rc1 e2 55. Re1 Re3 56. Kf4 Rxa3 57. Rxe2+ Kd7 58. Ke5 Rb3 59. Re4 Kc6 60. Rh4 Rc3 61. Rh6+ Kb7 62. Rh4 Rc6 63. Kd5 Kb6 64. Rg4 Rh6 65. Kd4 Rc6 66. Kd3 a5 67. bxa5+ Kxa5 68. Rg2 b4 69. Rc2 Rb6 70. Kc4 b3 71. Rb2 Ka4 72. Kc3 Rc6+ 73. Kd3 Ka3 74. Rc2 0-1

[Event "BAN-chB 41st"]
[Site "Dhaka"]
[Date "2015.10.19"]
[Round "5"]
[White "Md, Matiur Rahman"]
[Black "Mohammad, Javed"]
[Result "1/2-1/2"]
[WhiteElo "2039"]
[BlackElo "2188"]
[PlyCount "47"]
[EventDate "2015.10.15"]
[EventType "swiss"]
[EventRounds "11"]
[EventCountry "BAN"]
[SourceTitle "EXT 2017"]
[Source "ChessBase"]
[SourceDate "2016.10.25"]
[SourceVersion "1"]
[SourceVersionDate "2016.10.25"]
[SourceQuality "1"]

1. d4 Nf6 2. c4 e6 3. Nc3 Bb4 4. Bd2 0-0 5. Nf3 d5 6. e3 b6 7. cxd5 exd5 8. Qc2 Nbd7 9. Nb5 Bxd2+ 10. Nxd2 c5 11. dxc5 bxc5 12. Be2 Qb6 13. 0-0 a6 14. Nc3 Bb7 15. e4 dxe4 16. Nc4 Qc7 17. Rad1 Rfe8 18. Nd6 Re6 19. Nxb7 Qxb7 20. Bc4 Ree8 21. Rd6 Rab8 22. Rfd1 Nb6 23. Be2 h6 24. b3 1/2-1/2

[Event "BAN-chB 41st"]
[Site "Dhaka"]
[Date "2015.10.16"]
[Round "2"]
[White "Mehdi, Hasan Parag"]
[Black "Md, Matiur Rahman"]
[Result "1-0"]
[WhiteElo "2355"]
[BlackElo "2039"]
[PlyCount "127"]
[EventDate "2015.10.15"]
[EventType "swiss"]
[EventRounds "11"]
[EventCountry "BAN"]
[SourceTitle "EXT 2017"]
[Source "ChessBase"]
[SourceDate "2016.10.25"]
[SourceVersion "1"]
[SourceVersionDate "2016.10.25"]
[SourceQuality "1"]

1. e4 c5 2. Nf3 d6 3. Bb5+ Bd7 4. Bxd7+ Nxd7 5. c4 Ngf6 6. Nc3 g6 7. 0-0 Bg7 8. d4 cxd4 9. Nxd4 Ne5 10. b3 0-0 11. h3 Nc6 12. Be3 a6 13. a4 e5 14. Nc2 Qd7 15. Qd3 Qe6 16. Nd5 Rac8 17. Rfd1 Ne8 18. b4 f5 19. f3 Ne7 20. c5 Nxd5 21. exd5 Qe7 22. Rac1 a5 23. c6 axb4 24. Nxb4 Nf6 25. Qb5 bxc6 26. Rxc6 Rb8 27. Qc4 Ra8 28. Na6 f4 29. Bf2 e4 30. Nc7 e3 31. Bh4 Ra7 32. Ne6 Rfa8 33. a5 Bh6 34. Qd4 g5 35. Be1 Ne8 36. Rdc1 Bg7 37. Qa4 Bf6 38. Qe4 Qf7 39. Rc8 Rxc8 40. Rxc8 Qd7 41. Rb8 Qe7 42. Nxg5 Qxe4 43. Nxe4 Kf7 44. Rxe8 Kxe8 45. Nxf6+ Kd8 46. Nh5 Rf7 47. Kf1 Kc7 48. Bc3 Kb7 49. Nf6 Ka6 50. Ke2 Kb5 51. Ne4 Rd7 52. Kd3 Rd8 53. g4 fxg3 54. Nxg3 Kc5 55. Bd4+ Kxd5 56. a6 Kc6 57. a7 Kb7 58. Bxe3 Rg8 59. Ne4 Rg6 60. Kc4 Re6 61. Kd5 Re5+ 62. Kxd6 Rh5 63. Kd7 Rd5+ 64. Ke6 1-0